Welcome to CU Library Online Public Access Catalogue (OPAC)

Growing up with Science/ (Record no. 412)

MARC details
000 -LEADER
fixed length control field 00519nam a22001697a 4500
003 - CONTROL NUMBER IDENTIFIER
control field OSt
005 - DATE AND TIME OF LATEST TRANSACTION
control field 20241030202851.0
008 - FIXED-LENGTH DATA ELEMENTS--GENERAL INFORMATION
fixed length control field 241030b |||||||| |||| 00| 0 eng d
040 ## - CATALOGING SOURCE
Transcribing agency m
050 ## - LIBRARY OF CONGRESS CALL NUMBER
Classification number Q121
Item number .G764
245 ## - TITLE STATEMENT
Title Growing up with Science/
Remainder of title the illustrated encyclopedia of invention
Statement of responsibility, etc. Michael Dempsey(executive Ed.)
250 ## - EDITION STATEMENT
Edition statement Vol. 1
260 ## - PUBLICATION, DISTRIBUTION, ETC.
Place of publication, distribution, etc. Tarrytown, New York
Name of publisher, distributor, etc. Websters Unified H.S. Stuttman Inc
Date of publication, distribution, etc. 1990
300 ## - PHYSICAL DESCRIPTION
Extent 96pages
Other physical details ill. some color
Dimensions 26cm
700 ## - ADDED ENTRY--PERSONAL NAME
Personal name Dempsey, Michael
942 ## - ADDED ENTRY ELEMENTS (KOHA)
Source of classification or shelving scheme Library of Congress Classification
Koha item type Books
Suppress in OPAC No
Holdings
Withdrawn status Lost status Source of classification or shelving scheme Damaged status Not for loan Collection Home library Current library Shelving location Date acquired Total checkouts Full call number Barcode Date last seen Copy number Price effective from Koha item type
    Library of Congress Classification     Non-fiction Science Library (Miotso) Science Library (Miotso) General stacks 10/30/2024   Q121 .G764 GRO SLM00000196 10/30/2024 1 10/30/2024 Books
© 2023-2024 Copyright: Central University Libraries. All Rights Reserved | Created by: Mahone Tech Office